|
|
|
|
| LEADER |
00000nam a2200000 a 4500 |
| 001 |
vtls010665763 |
| 003 |
SK-MaSNL |
| 005 |
20260302013618.0 |
| 008 |
240314s1967 xo f 2 000 0 slo |
| 020 |
|
|
|q (brož.)
|
| 040 |
|
|
|a SNK
|b slo
|c SNK
|e AACR2
|
| 041 |
0 |
|
|a slo
|
| 044 |
|
|
|a xo
|c SK
|
| 072 |
|
7 |
|a 811.162.4
|x Slovenčina
|2 konspekt
|
| 072 |
|
7 |
|a 811.162.3
|x Čeština
|2 konspekt
|
| 072 |
|
7 |
|a 81
|x Lingvistika. Jazyky
|2 konspekt
|
| 080 |
|
|
|a 811.162.3'25
|2 2001
|
| 080 |
|
|
|a 811.162.4'25
|2 2001
|
| 080 |
|
|
|a (04)
|2 2001
|
| 100 |
1 |
|
|a Palkovič, Konštantín,
|d 1919-2008
|4 aut
|9 11233
|
| 245 |
1 |
0 |
|a Na okraj prekladania z češtiny do slovenčiny
|c Konštantín Palkovič
|
| 260 |
|
|
|a [Slovensko?]
|b [vydavateľ nie je známy]
|c [1967]
|
| 300 |
|
|
|a S. 73-76
|c 21 cm
|
| 500 |
|
|
|a Separát z: Kultúra slova, roč. I., č. 3, 1967
|
| 650 |
0 |
7 |
|a preklady z češtiny
|2 SNKPH
|9 100513
|
| 650 |
0 |
7 |
|a preklady do slovenčiny
|2 SNKPH
|9 59836
|
| 655 |
|
7 |
|a separáty
|2 SNKPH
|9 70334
|
| 958 |
|
|
|a OND
|
| 999 |
|
|
|c 1013710
|d 1015640
|
| 952 |
|
|
|a SNK
|b SNK
|y PREZ
|7 0
|p 17A1122528
|o snkSC 164210
|i snk2015/11891
|8 1
|0 0
|1 0
|4 0
|d 2015-04-08
|l 0
|r 2025-08-28 00:00:00
|w 2026-02-24
|